Pays les plus boisés par rapport à leur territoire - Statistiques

Statistiques générales
  • Ce quiz a été pris 24 fois
  • Le résultat moyen est 8 sur 20
Statistiques - réponses
Surface forestière (en %) Pays % Correct
73,7 Finlande
73%
87 Guyana
73%
68,7 Suède
68%
94,4 Suriname
68%
64,1 République du Congo
55%
91,2 Gabon
50%
71,5 Laos
50%
86,4 Guinée équatoriale
45%
90 Iles Salomon
41%
78,5 Papouasie-Nouvelle-Guinée
41%
92,4 Etats fédérés de Micronésie
36%
90,5 Palaos
36%
72,1 Brunei
32%
71,6 Bhoutan
27%
69,5 Guinée-Bissau
27%
68,4 Japon
27%
64,1 Corée du Sud
23%
73,3 Seychelles
23%
78,1 Liberia
18%
73,2 Saint-Vincent-et-les-Grenadines
18%
Aucun quiz correspondant
Distribution des résultats
% des personnes avec chaque résultat
Percentile par nombre de réponses
Votre historique - résultats
Vous n’avez pas pris ce quiz